Loading...
| Auditory Arts | 8 | 13.75 | 88% | 38% | 13% |
| Beliefs | 8 | 18.75 | 100% | 63% | 25% |
| Current Events | 2 | 15.00 | 100% | 50% | 0% |
| Fine Arts - Other Arts | 6 | 15.00 | 100% | 50% | 0% |
| Geography | 1 | 10.00 | 100% | 0% | 0% |
| History - American | 6 | 21.67 | 100% | 67% | 50% |
| History - Ancient | 3 | 26.67 | 100% | 67% | 100% |
| History - European | 6 | 21.67 | 100% | 100% | 17% |
| History - Other | 1 | 20.00 | 100% | 100% | 0% |
| History - World | 6 | 18.33 | 100% | 50% | 33% |
| Literature - American | 6 | 18.33 | 100% | 50% | 33% |
| Literature - British | 7 | 18.57 | 86% | 71% | 29% |
| Literature - European | 5 | 14.00 | 100% | 20% | 20% |
| Literature - World | 5 | 18.00 | 100% | 60% | 20% |
| Philosophy | 7 | 12.86 | 86% | 29% | 14% |
| Science - Biology | 2 | 10.00 | 100% | 0% | 0% |
| Science - Chemistry | 8 | 13.75 | 100% | 38% | 0% |
| Science - Other | 6 | 16.67 | 100% | 33% | 33% |
| Science - Physics | 5 | 16.00 | 100% | 60% | 0% |
| Social Science | 7 | 20.00 | 100% | 71% | 29% |
| Visual Arts | 8 | 17.50 | 100% | 63% | 13% |